000 01278nam a2200313 4500
001 135895
003 ES-MaACL
005 20251114153124.0
007 t|
008 070214s1920 fr r ||||1| fre d
100 1 _aRoussel, Jules.
_9100070
245 1 3 _aLe musée de sculpture comparée du Trocadéro /
_cJules Roussel.
260 _a[Paris?] :
_bCh. Herissey,
_c1920.
300 _a64 p. :
_bil. ;
_c17 cm.
490 1 _aCol. publiques de France memoranda
505 8 _aContiene: La Galerie Medicis de Rubens au Louvre par Louis Hourtieq. Le musée de Lyon : peintures par Henri Focillon. Les fouquet de Chantilly par Henry Martin. Le musée de Nantes : peintures par Marcel Nicolle. Le musée de Rouen : peintures par Marcel Nicolle
700 1 _aHourtieq, Louis.
_964342
700 1 _aFocillon, Henri.
_9205095
700 1 _aMartin, Henry,
_d1852-1925
_977308
700 1 _aNicolle, Marcel.
_985600
740 0 _aLa Galerie Medicis de Rubens au Louvre.
740 0 _aLe musée de Lyon : peintures.
740 0 _aLes fouquet de Chantilly.
740 0 _aLe musée de Nantes : peintures.
740 0 _aLe musée de Rouen : peintures.
830 0 _aCol. publiques de France memoranda
_9219960
852 _aES-MaACL
_jF-2177
999 _c135895
_d135895